000 00995nam a2200265 a 4500
001
003 DO-SdBNP
005 20211108125708.0
008 090331s1998 dr r 000 0 spa d
040 _aDO-SdBNP
_bspa
_cBPMSU
082 _a070.97293
_bB742j 1998
_222
245 0 0 _aJuan Bosch :
_bel periódico del partido y la comunicación con las masas /
_ccoordinador Daniel Cruz
260 _aSanto Domingo :
_bEl Nuevo Diario,
_c1998.
300 _a239 p. ;
_c21 cm.
490 0 _aVanguardia
505 2 _tA modo de presentación --
_tSobre el periódico del partido --
_tComunicación con las masas --
_tEditoriales y sueltos sobre Vanguardia.
590 _aInventariado,2021/VM
600 1 0 _a Bosch, Juan,
_d1909-2001
_91
610 1 4 _aPartido de la Liberación Dominicana
650 4 _aMedios de comunicación de masas
_zRepública Dominicana
650 4 _aPeriodismo
_zRepública Dominicana
_xHistoria
700 1 _aCruz, Daniel
_ecoord.
910 _aVMateo V.
942 _2ddc
_cBK
999 _c13855
_d13855